000 00678nam a22002297a 4500
005 20260306100926.0
100 _aSengloyluan, K.
245 _aImpact of Molecular weight variation among rubber clones on the properties of vulcanized latex films
260 _bAdvances in Polymer Technology
_c2025
300 _bOnline
650 _aMechanical properties
650 _aMolar mass distribution
650 _aNon-rubber compositions
700 _aLehman, N.
700 _aPromsung, R.
700 _aKeereerak, A.
700 _aJohns, J.
700 _aSongtipya, L.
700 _aKalkornsurapranee, E.
856 _uhttps://doi.org/10.1155/adv/4860754
942 _cJS
999 _c75850
_d75850